Самые полноводные реки мира - Statistics

General Stats
  • This quiz has been taken 159 times
  • The average score is 7 of 18
Answer Stats
Номер Средний расход воды, м3/с Река % Correct
1 219 000 Амазонка
95%
18 8 060 Волга
85%
8 16 350 Лена
75%
5 19 800 Енисей
65%
9 16 200 Миссисипи
65%
15 12 492 Обь
58%
14 12 800 Амур
48%
4 31 900 Янцзы
46%
2 41 800 Конго
45%
11 14 270 Ганг
38%
10 16 000 Меконг
18%
7 17 293 Парана
15%
6 19 200 Брахмапутра
13%
3 33 000 Ориноко
10%
16 10 300 Маккензи
6%
17 10 100 Святого Лаврентия
6%
13 13 000 Иравади
4%
12 13 600 Чжуцзян
2%
No matching quizzes found
Score Distribution
Percent of People with Each Score
Percentile by Number Answered
Your Score History
You have not taken this quiz